| 000 | 01054cam a22002891 4500 | ||
|---|---|---|---|
| 999 |
_c19248 _d19248 |
||
| 001 | 2164014 | ||
| 003 | BDDh-ASL | ||
| 005 | 20231015025750.0 | ||
| 008 | 721213s1945 e b 000 0 eng | ||
| 010 | _a 48009221 | ||
| 040 |
_aDLC _cDLC _dBDDh-ASL |
||
| 041 | 1 | _aengfre | |
| 050 | 0 | 0 |
_aHB75 _b.G5 1948 |
| 082 | 0 | 0 |
_a330.1 _bGIH |
| 100 | 1 |
_aGide, Charles, _d1847-1932. |
|
| 240 | 1 | 0 |
_aHistoire des doctrines économiques. _lEnglish |
| 245 | 1 | 2 |
_aA history of economic doctrines from the time of the physiocrats to the present day, _cby Charles Gide and Charles Rist. Authorized translation by R. Richards. |
| 250 |
_a2d English ed., _bwith additional matter from the latest French editions, tr. by Ernest F. Row. |
||
| 260 |
_aLondon : _bTHe Ballantyne Press, _c1945. |
||
| 300 |
_a672 p. : _c21 cm. |
||
| 504 | _aBibliographical footnotes. | ||
| 650 | 0 |
_aEconomics _xHistory. |
|
| 700 | 1 |
_aRist, Charles, _d1874-1955. |
|
| 700 | 1 |
_aRichards, R. _q(Robert), _d1884- |
|
| 906 |
_a7 _bcbc _corignew _du _eocip _f19 _gy-gencatlg |
||
| 942 |
_2ddc _cBK |
||